A Study in the management of social R & D : the functions of demonstrations /

Bibliographic Details
Corporate Author: Assembly of Behavioral and Social Sciences (U.S.). Study Project on Social Research and Development
Other Authors: Hayes, Cheryl D.
Format: Book
Language:English
Published: Washington, D.C. : National Academy Press, 1981.
Subjects:

MARC

Tag First Indicator Second Indicator Subfields
LEADER 00000pam a2200000 a 4500
001 in00000080061
005 20151008055312.0
008 811015s1981 dcu b 00000 eng
010 |a  81016938  
020 |a 0309031893 (pbk.) 
035 |a (OCoLC)07923438 
035 |9 AAJ3096AM 
039 0 |a 2  |b 3  |c 3  |d 3  |e 3 
040 |a DLC  |c DLC  |d TXA  |d UtOrBLW 
043 |a n-us--- 
049 |a TXAM  |c [1672543] 
050 0 0 |a H62.5.U5  |b S88 
082 0 |a 300/.72073  |2 19 
245 0 2 |a A Study in the management of social R & D :  |b the functions of demonstrations /  |c Cheryl D. Hayes, editor. 
264 1 |a Washington, D.C. :  |b National Academy Press,  |c 1981. 
300 |a v, 84 pages ;  |c 23 cm. 
336 |a text  |b txt  |2 rdacontent 
337 |a unmediated  |b n  |2 rdamedia 
338 |a volume  |b nc  |2 rdacarrier 
500 |a At head of title: "Study Project on Social Research and Development." 
504 |a Bibliography: pages 81-84. 
650 0 |a Social sciences  |x Research  |z United States. 
700 1 |a Hayes, Cheryl D. 
710 2 |a Assembly of Behavioral and Social Sciences (U.S.).  |b Study Project on Social Research and Development. 
999 |a MARS 
999 f f |s d30e73ff-d87b-3ca5-8785-ee157a1a251b  |i 0b5b4bb6-5c2c-3432-bf01-e51decc53564  |t 0 
952 f f |p ric  |a Texas A&M University  |b Rellis Campus  |c Joint Library Facility  |d Remote Storage  |t 0  |e H62.5.U5 S88  |h Library of Congress classification  |i unmediated -- volume  |m A14806118604 
998 f f |a H62.5.U5 S88  |t 0  |l Remote Storage